000 00416nam a2200097Ia 4500
008 180130s9999 xx 000 0 und d
245 _cSchmidt, Michael; Fey, Dietmar; Reichenbach, Marc
_aParallel embedded computing architectures
260 _c2015
300 _aBook title: Embedded systems : high performance systems, applied principles and practice--Acession number C20720; pages 3 - 18
650 _aEMBEDDED SYSTEMS
999 _c353981
_d353981